| 000 | 00829 a2200277 4500 | ||
|---|---|---|---|
| 999 |
_c25267 _d11834 |
||
| 001 | 25267 | ||
| 003 | TR-AnTOB | ||
| 005 | 20241129155053.0 | ||
| 008 | 110503nuuuuuuuutu 000 0 d | ||
| 020 | _a9751002826 | ||
| 037 |
_a12294 _bTVG |
||
| 040 |
_aTVG _cTVG _dOCLCQ _dTRTET |
||
| 041 | _atur | ||
| 049 | _aMAIN | ||
| 050 | 0 |
_aPL175 _b.K37 t.y |
|
| 090 | _aPL175 .K37 t.y | ||
| 100 | 1 |
_aKaraalioğlu, Seyit Kemal, _d1925-1995 _920640 |
|
| 245 | 0 |
_aSözlü/yazılı kompozisyon konuşmak ve yazmak sanatı / _cSeyit Kemal Karaalioğlu. |
|
| 250 | _a28. bs. | ||
| 264 | 1 |
_aİstanbul : _bİnkılap, _c[date of publication not identified] |
|
| 300 | _a416 s. | ||
| 650 | 0 |
_aTürk dili _xKompozisyon ve alıştırmalar _913610 |
|
| 650 | 7 |
_aTürk dili _xÇalışma ve öğretim _2etuturkob _97700 |
|
| 902 | _a0013753 | ||
| 942 |
_cBK _2lcc |
||